000 00804nam a2200229 i 4500
001 97160
003 ES-MaACL
005 20250824071913.0
007 t|
008 050707s1985 sp ||||1| spa d
020 _a84-505-2037-1
100 1 _aMaqua, Javier.
_976275
245 1 0 _aTriste animal; La soledad del guardaespaldas /
_cJavier Maqua.
260 _aMadrid :
_bCentro Nacional de Nuevas Tendencias Escénicas,
_c1985.
300 _a173 p. ;
_c17 cm.
490 1 _aNuevo teatro español ;
_v4
710 2 _aCentro Nacional de Nuevas Tendencias Escénicas (España)
_9134239
740 3 _aLa soledad del guardaespaldas.
830 0 0 _aNuevo teatro español (Centro Nacional de Nuevas Tendencias Escénicas)
_v4
_9180888
852 _aES-MaACL
_jL-10948
_bR.112483
999 _c97160
_d97160